| 000 | 02016nam a2200553 i 4500 | ||
|---|---|---|---|
| 001 | 56407 | ||
| 003 | KOSZ 005 | ||
| 005 | 20220328092420.0 | ||
| 008 | 011026s1999 pl a f |000 0 pol | ||
| 015 | _aUWD 2004/16836 | ||
| 020 | _a8391080129 | ||
| 035 | _a991017664169705066 | ||
| 035 | _a(PL-WaBN)b14778737-48omnis_nlop | ||
| 035 | _ab14778737 | ||
| 035 | _a(OCoLC)830290003 | ||
| 035 | _a(PL)b0000001477873 | ||
| 035 | _a(EXLNZ-48OMNIS_NETWORK)9910265756005606 | ||
| 040 |
_aWA N _cWA N _dKOSZ 005/HR |
||
| 041 | 1 |
_apol _hger |
|
| 046 | _k1999 | ||
| 080 | _a628.3 | ||
| 080 | _a579.8 | ||
| 080 | _a593.1/.9 | ||
| 080 | _a(083.1) | ||
| 100 | 1 |
_aBuck, Harald _eAutor |
|
| 245 | 1 | 0 |
_aMikroorganizmy w osadzie czynnym / _cHarald Buck ; [przekł. na jęz. pol. Magdalena Seidel-Przywecki]. |
| 246 | 1 |
_iTyt. oryg.: _aMikroorganismen in der Abwasserreinigung, _f1999 |
|
| 260 |
_aSzczecin : _b"Seidel-Przywecki" ; _aMünchen : _bF. Hirthammer Verlag, _c1999. |
||
| 300 |
_a56 s. : _bfot. kolor., il. kolor. ; _c21 x 22 cm. |
||
| 336 |
_aTekst _btxt _2rdacontent |
||
| 337 |
_aBez urządzenia pośredniczącego _bn _2rdamedia |
||
| 338 |
_aWolumin _bnc _2rdacarrier |
||
| 380 | _aKsiążki | ||
| 380 | _aPublikacje fachowe | ||
| 388 | _a1901-2000 | ||
| 388 | _a1989-2000 | ||
| 500 | _aKsiążka ta powstałą z inicjatywy regionalnego oddziału ATV w Badenii-Wirtenbergii i jest podstawą do nauczania podczas kursów szkoleniowych dla pracowników oczyszczalni ścieków. | ||
| 650 | 7 |
_aDrobnoustroje _2DBN |
|
| 650 | 7 |
_aOsad czynny _2DBN |
|
| 650 | 7 | _aMikrobiologia | |
| 655 | 7 |
_aPoradnik _2DBN |
|
| 658 | _aInżynieria i technika | ||
| 658 | _aBiologia | ||
| 700 | 1 |
_aSeidel-Przywecki, Magdalena _d(1953- ) _eTłumaczenie |
|
| 710 | 2 |
_aWydawnictwo Seidel-Przywecki _4pbl |
|
| 856 |
_uhttp://koha.tu.koszalin.pl/cgi-bin/koha/opac-detail.pl?biblionumber=56407 _yKatalog online BPK |
||
| 942 |
_2UKD _cKS |
||
| 999 |
_c56407 _d56407 |
||